Marki Samochodów - Statystyki

Ogólne statystyki
  • Ten quiz został rozwiązany 835 razy
    817 od ostatniego zresetowania
  • Średni wynik to 26 z 60
Statystyki odpowiedzi
Litera Marka % Poprawnych
A Audi
91%
B BMW
89%
O Opel
78%
H Honda
77%
F Fiat
75%
F Ford
72%
M Mercedes
72%
C Citroen
70%
V Volkswagen
70%
H Hyundai
68%
L Lamborghini
68%
D Dacia
64%
T Toyota
63%
V Volvo
63%
A Alfa Romeo
62%
P Porsche
62%
M Mazda
61%
S Seat
60%
B Bentley
59%
N Nissan
59%
K Kia
57%
S Skoda
56%
B Bugatti
54%
R Renault
54%
P Peugeot
53%
J Jaguar
52%
C Chevrolet
51%
S Suzuki
51%
S Subaru
49%
D Dodge
48%
A Aston Martin
47%
L Lexus
46%
J Jeep
44%
T Tesla
41%
M Mitsubishi
39%
M Maserati
37%
L Land Rover
33%
R Rolls Royce
33%
T Tata Motors
28%
L Lancia
27%
I Infiniti
25%
S Saab
25%
M Mini Moris
24%
M MAN
23%
I Iveco
21%
D Daewoo
20%
S Scania
20%
C Chrysler
19%
R Range Rover
19%
A Abarth
17%
D DAF
16%
B Brabus
13%
K Koenigsegg
13%
L Lotus
13%
M Maybach
12%
C Corvette
7%
S Ssang Yong
7%
J Jelcz
6%
K Kamaz
6%
P Plymouth
2%
Nie znaleziono quizów pasujących do podanych kryteriów
Rozkład punktacji
Procent ludzi z każdym wynikiem
Percentyl według liczby udzielonych odpowiedzi
Twoja historia wyników
Nie rozwiązałeś tego quizu od ostatniego zresetowania